| 000 | 00655cam a22002411 4500 | ||
|---|---|---|---|
| 001 | sa 68005440 | ||
| 003 | DLC | ||
| 005 | 20260227112509.0 | ||
| 008 | 710915s1967 pk 000 1 eng | ||
| 010 | _asa 68005440 | ||
| 025 | _aPL480:P-E-1388 | ||
| 040 |
_aDLC _cDLC _dDLC |
||
| 043 | _aa-ce--- | ||
| 050 | 0 | 0 |
_aPZ4.P9644 _bFo _aPR9440.9.P7 |
| 100 | 1 | _aProctor, Raja. | |
| 245 | 1 | 0 | _aForever life; short stories from Ceylon. |
| 260 |
_a[Lahore] _bAfro-Asian Book Club _c[1967] |
||
| 300 |
_a191 p. _c18 cm. |
||
| 350 | _aRs6 | ||
| 651 | 0 |
_aSri Lanka _xFiction. |
|
| 650 | 0 | _aShort stories, Sri Lankan (English) | |
| 710 | 2 | _aAfro-Asian Book Club. | |
| 999 |
_c80745 _d80745 |
||